00373nam a2200157Ia 4500008004100000020001500041041000800056082002000064100001900084245002500103250000600128260003900134300000800173365001300181700002100194140306s9999 xx 000 0 und d a8131715426 aeng a338.544bHAN/BU aHanke, John E. aBusiness Forecasting a8 aNew DelhibPearson Educationc2007 a533 bRs.375/- aWichern, Dean W.